LEADER 01099nam0-2200349---450- 001 990008545960403321 005 20070903120914.0 010 $a1-58488-480-0 035 $a000854596 035 $aFED01000854596 035 $a(Aleph)000854596FED01 035 $a000854596 100 $a20070903d2007----km-y0itay50------ba 101 0 $aeng 102 $aUS 105 $aa-------001yy 200 1 $aLinear mixed models$ea practical guide using statistical software$fBrady T. West, Kathleen B. Welch, Andrzej T. Galecki$gwith contributions from Brenda W. Gillespie 210 $aBoca Raton$cChapman & Hall/CRC$d2007 215 $aXX, 353 p.$cill.$d24 cm 610 0 $aStatistica$aModelli lineari 676 $a519.53$v21$zita 700 1$aWest,$bBrady T.$0307232 701 1$aWelch,$bKathleen B.$0312324 701 1$aGalecki,$bAndrzej T.$0431333 702 1$aGillespie,$bBrenda W. 801 0$aIT$bUNINA$gRICA$2UNIMARC 901 $aBK 912 $a990008545960403321 952 $aVI E 1262$b42964$fFSPBC 959 $aFSPBC 996 $aLinear mixed models$9709763 997 $aUNINA LEADER 01654nam 2200445z- 450 001 9910694201403321 005 20060906192807.0 035 $a(CKB)5860000000021907 035 $a(BIP)013760599 035 $a(EXLCZ)995860000000021907 100 $a20220406c2006uuuu -u- - 101 0 $aeng 200 14$aThe endangered children of northern Uganda $ehearing before the Subcommittee on Africa, Global Human Rights, and International Operations of the Committee on International Relations, House of Representatives, One Hundred Ninth Congress, second session, April 26, 2006 215 $a1 online resource (iii, 70 p.) 311 $a0-16-076829-2 517 $aEndangered Children of Northern Uganda 606 $aChildren$xRelocation$zUganda 606 $aChildren and war$zUganda 606 $aChild soldiers$zUganda 606 $aKidnapping$zUganda 607 $aUganda$xPolitics and government$y1979- 607 $aUganda$xSocial conditions$y1979- 610 $aChildren and war 610 $aChildren 610 $aSoldiers 610 $aKidnapping 610 $aUganda 610 $aSocial science 610 $aBiography & autobiography 610 $aTrue crime 610 $aPolitical science 615 0$aChildren$xRelocation 615 0$aChildren and war 615 0$aChild soldiers 615 0$aKidnapping 712 02$aUnited States, Congress House Committee on International Relations Subcommittee on Africa, Global Human Rights, and International Operations Staff,$4oth 906 $aBOOK 912 $a9910694201403321 996 $aThe endangered children of northern Uganda$93102470 997 $aUNINA LEADER 01991oam 2200409zu 450 001 9910872774603321 005 20241212214840.0 035 $a(CKB)111026746714972 035 $a(SSID)ssj0000455357 035 $a(PQKBManifestationID)12155330 035 $a(PQKBTitleCode)TC0000455357 035 $a(PQKBWorkID)10399677 035 $a(PQKB)11488942 035 $a(NjHacI)99111026746714972 035 $a(EXLCZ)99111026746714972 100 $a20160829d1996 uy 101 0 $aeng 135 $aur||||||||||| 181 $ctxt 182 $cc 183 $acr 200 10$a1995 IEEE Nuclear Science Symposium 210 31$a[Place of publication not identified]$cIEEE$d1996 215 $a1 online resource 300 $aBibliographic Level Mode of Issuance: Monograph 311 08$a9780780331808 311 08$a078033180X 330 $aA study has been made of the optical and radiation damage properties of undoped and niobium doped lead tungstate crystals. Data were obtained on the optical absorbance, the intensity and decay time of the scintillation light output, and the radioluminescence and photoluminescence emission spectra. Radiation damage was studied in several undoped and niobium doped samples using ^(60)Co gamma ray irradiation. The change in optical absorption and observed scintillation light output was measured as a function of dose up to total cumulative doses on the order of 800 krad. The radiation induced phosphorescence and thermoluminescence was also measured, as well as recovery from damage by optical bleaching and thermal annealing. An investigation was also made to determine trace element impurities in several samples. 606 $aNuclear engineering 615 0$aNuclear engineering. 676 $a621.48 712 02$aIEEE, Institute of Electrical and Electronics Engineers, Inc. Staff 801 0$bPQKB 906 $aBOOK 912 $a9910872774603321 996 $a1995 IEEE Nuclear Science Symposium$92527001 997 $aUNINA